| 000 | 00926nam a2200217 a 4500 | ||
|---|---|---|---|
| 001 | BRCA_1396 | ||
| 005 | 20190320203417.0 | ||
| 008 | 840703s1945 mx-h---###---#000-0#spa-# | ||
| 050 | 4 |
_aBX3712 _b.R45 1945 |
|
| 245 | 1 | 0 |
_aRelación breve de la venida de los de la Compañía de Jesús a la Nueva España año de 1602 _cVersión paleográfica del original, prólogo, notas y adiciones por Francisco González de Cossio. |
| 260 |
_aMéxico _bImprenta Universitaria _c1945 |
||
| 300 |
_axvi, 122 p. _c23 cm. |
||
| 500 | _aIncluye índice onomástico y apéndice | ||
| 500 | _aContenido: Manuscrito anónimo del Archivo Histórico de la Secretaría de Hacienda. | ||
| 504 | _aBibliografía: p. XV-XVI | ||
| 610 | 2 | 4 |
_aJesuitas _zMéxico _94567 |
| 653 | 0 | _aOrdenes religiosas | |
| 700 | 1 |
_aGonzález de Cossío, Francisco _94568 |
|
| 710 | 2 |
_aMéxico _tMinisterio de hacienda y crédito público. Archivo _94569 |
|
| 942 |
_2lcc _cB |
||
| 999 |
_c1258 _d1258 |
||